Entrada Topical Term
Número de registros utilizados en: 2
001 - CONTROL NUMBER
003 - CONTROL NUMBER IDENTIFIER
005 - DATE AND TIME OF LATEST TRANSACTION
- control field:
20190823111217.0
008 - FIXED-LENGTH DATA ELEMENTS
- fixed length control field:
180807|| aca||aabn | a|a d
040 ## - CATALOGING SOURCE
- Original cataloging agency:
OSt
- Transcribing agency:
OSt
150 ## - HEADING--TOPICAL TERM
- Topical term or geographic name entry element:
Turismo
- General subdivision:
Destinos turísticos
670 ## - SOURCE DATA FOUND
- Source citation:
Work cat.: (OSt)20044: Impresiones Aéreas S.A. de C.V. 18392, México Desconocido Niños /